000 00216nam a2200085Ia 4500
008 120527s9999 xx 000 0 und d
100 _aGingerich & Principles
245 _aInfants, Children and Adolescents
942 _cBK
999 _c27556
_d27556